000 01271nam a2200253Ia 4500
999 _c38640
_d38640
001 4862
003 GE_BSU
005 20190812094459.0
008 181216s2002||||ge |||||||||||||| ||geo||
020 _a9992822694
040 _cGE_BSU
041 _ageo
080 _a343.3 + 343.36 ლ-40
100 _aლეკვეიშვილი, მ.
_93505
245 _aდანაშაული სახელმწიფოსა და სასამართლო ხელისუფლების წინააღმდეგ (კომენტარი) /
_cმ. ლეკვეიშვილი, გ. მამულაშვილი ; რედ. გ. ტყეშელიაძე.
264 _aთბილისი :
_bმერიდიანი ;
_c2002.
300 _a319 გვ. ;
_c21 სმ.
541 _h9ლ.50თ.
653 _aდანაშაული სახელმწიფოსა და სასამართლო ხელისუფლების წინააღმდეგ
653 _aსამართალი
700 _a მამულაშვილი, გ.
_eავტორი
_93506
700 _aტყეშელიაძე, გ.
_eრედაქტორი
_93507
942 _cBK
_2udc